[Event "5th Cesme Open 2017"]
[Site "Cesme"]
[Date "2017.06.13"]
[Round "2"]
[White "Yasin, Hur"]
[Black "Quparadze, Giga"]
[Result "0-1"]
[WhiteElo "2055"]
[BlackElo "2509"]
[Annotator "TA"]
[PlyCount "103"]
[EventType "swiss"]
[EventCountry "TUR"]
[SourceTitle "playchess.com"]
[Source "ChessBase"]
[SourceQuality "1"]

{[%evp 14,103,57,53,56,26,62,69,62,59,62,61,61,42,46,46,46,41,66,66,227,231,234,225,227,231,345,245,250,233,231,225,262,242,242,192,199,187,218,234,250,247,311,276,332,226,244,219,274,235,239,248,269,235,261,150,195,117,130,130,142,156,154,159,236,241,236,233,229,216,264,254,270,233,272,262,277,228,535,540,946,933,844,895,29992,1102,1070,1028,847,14,15,0]} 1. e4 c5 2. Nf3 e6 3. d4 cxd4 4. Nxd4 a6 5. c4 Nf6 6. Nc3 Qc7 7. a3 b6 8. Be3 Bb7 {B41: Sicilian: Kan Variation: 5 c4} 9. Bd3 (9. f3 d6 10. Be2 Nbd7 11. Rc1 Be7 12. O-O O-O 13. Kh1 Rac8 14. b4 Rfd8 15. Bg1 Qb8 16. Nb3 {1-0 (50) Ponomariov,R (2712)-Wojtaszek,R (2727) Huaian 2016}) 9... d6 10. Rc1 Nbd7 {White is slightly better.} 11. f3 Be7 12. O-O h5 $146 ({Predecessor:} 12... O-O 13. b4 Rac8 14. Qd2 Qb8 15. Nb3 Bd8 16. Kh1 Bc7 17. f4 Qa8 18. Rfe1 Rfd8 19. Bd4 Qb8 20. Rf1 b5 21. cxb5 axb5 22. Nxb5 {1-0 (56) Lutard,T (2134)-Rakotomaharo,F (2401) Pau 2015}) 13. h4 Ne5 14. Be2 Ng6 15. Qe1 O-O 16. Qg3 {Strongly threatening Nxe6!} Rac8 $2 {[#]} (16... Ne5 $14) 17. Nxe6 $1 $18 {[%mdl 512]} fxe6 18. Qxg6 Bd8 19. Rfd1 Bc6 (19... Qe7 $142 20. b4 Bc7) 20. Qg3 Qf7 21. Qxd6 Bc7 22. Qd2 (22. Qxc6 Bh2+ 23. Kxh2 Rxc6 $11) 22... Nh7 23. Qe1 Qf6 24. g3 g5 25. Kh1 Rf7 26. Qf2 Qg6 27. Bxb6 Be5 28. Bd4 Bb8 29. Rg1 g4 30. Qe3 {Threatens to win with fxg4.} Nf6 31. Qg5 Qxg5 32. hxg5 gxf3 33. Bxf6 fxe2 34. Rce1 ({Less strong is} 34. Nxe2 Bxe4+ 35. Kh2 h4 $16) ({Better is} 34. Kg2 $18) 34... Ba8 35. b3 ({White should try} 35. Rxe2 $18 {aiming for Rh2.} Rxc4 36. Kg2) 35... Rb7 $16 36. Rb1 (36. Nxe2 Rxb3 37. Kh2 Rxc4 $15) 36... Rd7 {...Rd3 would now be nice for Black.} 37. Rb2 Rd3 38. Rxe2 Rf8 (38... Bxg3 $16 {was called for.} 39. Rd1 Rxd1+ 40. Nxd1 Kf7) 39. Rd1 $18 Rxd1+ 40. Nxd1 Bxg3 41. Kg2 h4 42. Nf2 Kh7 43. Kf3 Kg6 44. Nd3 Rf7 45. Rd2 Rh7 $2 (45... e5 46. Ke3 Bb7) 46. Nc5 Be1 47. Rd8 Bc6 48. Nxe6 {[#] White wants to mate with Nf4+.} h3 49. Nf8+ (49. Nf4+ $142 Kf7 50. g6+ Kxf6 51. gxh7 Bxe4+ 52. Kxe4 Kg5 53. h8=Q Bc3 54. Qxc3 Kh4 55. Rh8+ Kg5 56. Qg7#) 49... Kh5 50. Nxh7 {Intending Rh8 and mate.} Bxe4+ 51. Kxe4 $2 (51. Ke3 $18) 51... h2 $11 52. Kf5 {[%mdl 32768] Precision: White = 66%, Black = 47%. . Sensor Board Error (Ke4/e5)?} 0-1

[Event "5th Cesme Open 2017"]
[Site "Cesme"]
[Date "2017.06.13"]
[Round "2"]
[White "Kerem, Halil Ozgun"]
[Black "Khamrakulov, Djurabek"]
[Result "1/2-1/2"]
[WhiteElo "2050"]
[BlackElo "2478"]
[Annotator "TA"]
[PlyCount "170"]
[EventType "swiss"]
[EventCountry "TUR"]
[SourceTitle "playchess.com"]
[Source "ChessBase"]
[SourceQuality "1"]

{[%evp 17,170,41,33,45,49,45,58,0,15,15,8,0,12,0,0,0,0,0,0,0,0,0,0,0,0,0,0,0,0,-23,-26,-22,-29,-25,-14,-20,-26,-60,-68,-76,-58,-65,-69,-68,-66,-120,-120,-120,-120,-120,-120,-114,-36,-36,-32,-36,-32,-32,0,-36,0,-36,-36,-90,-90,-90,-90,-90,-90,-90,-90,-90,-90,-90,-90,-90,-90,-90,-90,-90,0,-90,-90,-90,-90,-90,-90,-90,-90,-90,-90,-90,-90,-90,-90,-90,-90,-90,-90,-90,-64,-64,-64,-64,-64,-64,-64,-64,-34,-35,-8,-8,0,0,0,-8,0,-8,-8,-8,-8,-8,-8,-8,-8,-8,-8,-8,-8,-8,-8,-8,-8,-8,-8,-8,-8,-8,-8,-8,-8,-8,-8,-8,-8,-8,-8,-8,-8,-8,-8,-8,-8,-8,-8]} 1. Nf3 d5 2. g3 g6 3. Bg2 Bg7 4. d4 c5 5. O-O cxd4 6. Nxd4 {D02: 1 d4 d5 2 Nf3 sidelines, including 2...Nf6 3 g3 and 2...Nf6 3 Bf4} e5 7. Nb3 Ne7 8. c4 d4 (8... dxc4 9. Qxd8+ Kxd8 10. Na5 Nbc6 11. Nxc4 Be6 12. Nba3 Kc7 {1-0 (38) Gajewski,G (2621)-Stupak,K (2564) St Petersburg 2016}) 9. e3 O-O {LiveBook: 7 Games} 10. exd4 exd4 11. Bf4 h6 $146 ({Predecessor:} 11... Nbc6 12. Qd2 Nf5 {½-½ (39) Bertaccini,D (2225)-Vasta,E (2400) Mar del Plata 1994}) 12. c5 Nbc6 13. Na3 Be6 14. Bd6 Qd7 15. Nc2 {[%cal Rc2d4]} Bc4 16. Re1 {[%cal Rb3d4]} d3 {[#] ...Bxb3 is the strong threat.} 17. Ne3 Ba6 $1 18. Qd2 Rfe8 19. Be4 Rad8 20. Bxd3 Bxd3 21. Qxd3 Bxb2 {Strongly threatening ...Ne5.} 22. Rad1 Bg7 23. Qc4 Nf5 24. Nxf5 Qxf5 25. Qf4 Qc2 26. Qd2 Qc4 27. Rxe8+ Rxe8 28. Re1 Rxe1+ 29. Qxe1 Nd4 30. Nxd4 Bxd4 31. Qe8+ ({Better is} 31. Qd2 $15) 31... Kh7 $17 32. Be5 Bxe5 33. Qxe5 Qxa2 {[%mdl 4096] Endgame KQ-KQ} 34. h4 h5 (34... Qb1+ $17 35. Kg2 Qb5) 35. Qb8 $1 $15 {[%cal Rb8b7]} Qa6 36. Kh2 Kg7 37. Kg1 Kh7 38. Kh2 Qa2 (38... Qe2 $5 {[%cal Re2f2]} 39. Qxb7 Qxf2+ 40. Kh3 a5 $17) 39. Qxb7 Qxf2+ 40. Kh1 {[#]} (40. Kh3 $15) 40... a5 $1 $17 ({Don't play} 40... Qxg3 $6 41. Qxf7+ Kh6 42. Qf8+ Kh7 43. Qf7+ Kh8 44. Qf6+ Kg8 45. c6 $11) 41. c6 Qf3+ 42. Kh2 a4 43. Qa6 Qf2+ 44. Kh1 Qe1+ 45. Kh2 Qd2+ 46. Kh3 Qc1 {[%cal Rc1h1]} 47. Kh2 Qc2+ 48. Kh3 Qc1 {[%cal Rc1h1]} 49. Kh2 $1 a3 50. c7 Qxc7 51. Qxa3 Qc2+ 52. Kg1 Qd1+ 53. Kg2 Qe2+ 54. Kg1 Qe5 55. Kg2 Kg7 (55... Qd5+ {is interesting.} 56. Kf1 Qd4 57. Qf8 Qf6+ 58. Kg2 Qc6+) 56. Qd3 Qb2+ 57. Kg1 Qb7 58. Qd4+ f6 59. Qc3 Qe7 60. Kg2 Qe2+ 61. Kg1 Qe5 62. Qd3 g5 63. hxg5 Qxg5 64. Kf2 {The position is equal.} Qg4 65. Qe3 Qf5+ 66. Kg2 Qe5 67. Qd3 (67. Qa7+ {feels hotter.}) 67... Qe6 68. Qd2 Qe4+ (68... h4 $5) 69. Kf2 h4 70. Qd7+ Kg6 71. gxh4 Qxh4+ 72. Kg2 Qg5+ 73. Kf2 Qf4+ 74. Kg2 Qe4+ 75. Kf2 Qc2+ 76. Kg3 Qc3+ 77. Kf2 Kg5 78. Qg7+ Kf5 79. Qh7+ Ke5 {White should prevent ...Qd2+.} 80. Qh5+ Kd6 81. Qh2+ Ke6 82. Qh8 Qd4+ 83. Kf3 Qd1+ 84. Kf2 Qc2+ 85. Kf3 Qc6+ {Precision: White = 78%, Black = 61%.} 1/2-1/2

[Event "5th Cesme Open 2017"]
[Site "Cesme"]
[Date "2017.06.13"]
[Round "2"]
[White "Guder, Eyup Sabri"]
[Black "Maghalashvili, Davit"]
[Result "0-1"]
[WhiteElo "1999"]
[BlackElo "2490"]
[Annotator "TA"]
[PlyCount "76"]
[EventType "swiss"]
[EventCountry "TUR"]
[SourceTitle "playchess.com"]
[Source "ChessBase"]
[SourceQuality "1"]

{[%evp 11,76,1,16,7,13,0,0,0,0,-36,0,-6,-7,-28,-8,-57,-50,-68,-70,-81,-79,-167,-156,-167,-167,-154,-160,-191,-162,-197,-185,-168,-186,-171,-160,-274,-283,-265,-276,-356,-343,-295,-272,-302,-272,-274,-277,-275,-275,-257,-266,-388,-378,-1548,-1518,-1912,-1941,-29989,-29990,-29990,-1152,-29991,-29992,-29993,-29983,-29997,-29998]} 1. d4 Nf6 2. Bg5 e6 3. e4 h6 4. Bxf6 Qxf6 5. Nf3 d6 6. Nc3 a6 7. Qd2 {A46: 1 d4 Nf6 2 Nf3 e6: Torre, London and Colle Systems} (7. Bd3 Nd7 8. Qe2 Qd8 9. O-O Be7 10. e5 d5 11. Nd1 c5 12. c3 Qb6 13. a3 Nb8 14. b4 c4 {½-½ (36) Aranha Filho,A (2343)-Delgado Ramirez,N (2603) Curitiba 2017}) 7... Qe7 8. O-O-O g6 9. g3 $146 {The position is equal.} ({Predecessor:} 9. h4 Bg7 10. e5 d5 11. Kb1 b6 12. Ne2 Bb7 13. Nf4 Nd7 14. Bd3 O-O-O 15. Qe2 b5 {½-½ (15) Trkulja,G (2342)-Martinovic,S (2480) Zenica 2008}) 9... Bg7 10. Bh3 Nd7 11. Rhe1 O-O 12. d5 e5 (12... Qf6 $5 {[%cal Rf6f3]} 13. Re3 Nb6 $11) 13. Nh4 b5 {[%cal Bb7b5,Bb5b4][%mdl 32]} 14. Ng2 b4 {Strongly threatening ...Nc5.} 15. Na4 a5 16. Ne3 {[#]} (16. Nh4 $17 {is a better defense.}) 16... Nf6 $1 $19 {[%cal Rf6e4]} 17. Bxc8 {And now Bb7 would win.} Nxe4 ({Not} 17... Raxc8 18. Nc4 $11) ({Inferior is} 17... Rfxc8 18. f3 $11) 18. Qe2 {Hoping for Bb7.} Rfxc8 19. Nc4 Nf6 20. b3 Qd7 21. f3 Re8 22. Qd3 Rab8 23. Nxa5 (23. Nd2 $17) 23... Rb5 24. Nc6 Rxd5 25. Qa6 Rxd1+ 26. Rxd1 Qf5 27. Qb7 d5 28. Nxb4 Qxf3 29. Nxd5 Nxd5 30. Qxd5 e4 {[%cal Be5e4,Be4e3,Be3e2][%mdl 32]} 31. Qd7 (31. Qb5 $142 Re7 32. Re1) 31... Re6 {Threatens to win with ...e3.} 32. Nb2 $2 (32. Qb5 Qe3+ 33. Rd2) 32... e3 {aiming for ...e2.} 33. Qd8+ Kh7 {White must now prevent ...e2.} 34. Nd3 e2 {[%csl Gf3][%cal Re2d1]} 35. Re1 Qe3+ 36. Kb1 Qd2 {Black mates.} 37. a4 Rd6 38. Qe7 {[#]} Qxe1+ $1 {[%mdl 512] Precision: White = 37%, Black = 73%.} 0-1

[Event "5th Cesme Open 2017"]
[Site "Cesme"]
[Date "2017.06.13"]
[Round "2"]
[White "Yildiz, Emre"]
[Black "Gleizerov, Evgeny"]
[Result "0-1"]
[WhiteElo "1998"]
[BlackElo "2507"]
[Annotator "TA"]
[PlyCount "102"]
[EventType "swiss"]
[EventCountry "TUR"]
[SourceTitle "playchess.com"]
[Source "ChessBase"]
[SourceQuality "1"]

{[%evp 10,102,25,6,40,43,46,44,51,59,68,27,43,33,37,30,42,26,21,31,23,30,25,0,0,0,17,-17,37,20,86,95,97,0,20,6,6,6,6,5,5,5,5,5,0,5,18,0,0,-2,0,0,-1,0,0,0,0,0,4,0,0,0,0,0,0,-4,-15,-43,-43,-72,-72,-72,-72,-81,-81,-458,-445,-460,-444,-428,-392,-809,-979,-1343,-1074,-1538,-1579,-1493,-1431,-1561,-1544,-1596,-1529,-2207,-2420]} 1. d4 e6 2. c4 f5 3. Nf3 Nf6 4. Nc3 Bb4 5. Qb3 Qe7 6. g3 a5 {A85: Dutch Defence: 2 c4 Nf6 3 Nc3} (6... b6 7. Bg2 Bb7 8. O-O Bxc3 9. Qxc3 O-O 10. Rd1 d6 11. Bg5 Nbd7 12. d5 h6 13. Bxf6 Rxf6 14. b4 {½-½ (93) Kovalenko,I (2572)-Wang,H (2733) Sochi 2012}) 7. Bg2 a4 8. Qc2 O-O {White is slightly better.} 9. O-O Bxc3 $146 ({Predecessor:} 9... a3 10. b3 d6 11. Bg5 Nbd7 12. d5 Bxc3 13. Qxc3 {1-0 (29) Miton,K (2603)-Bartel,M (2342) Poznan 2014}) 10. Qxc3 Nc6 11. Bg5 d6 12. d5 Nd8 13. Nd4 (13. e4 $5) 13... e5 14. Nb5 h6 15. Bxf6 Rxf6 16. c5 dxc5 17. Rac1 c6 18. d6 Qd7 ({Black should play} 18... Qf8 $11 19. Nc7 Rb8) 19. Nc7 $14 Rb8 (19... Ra7 $1 $11 20. Qxc5 b6 21. Qxe5 (21. Qxb6 Rb7 $14) 21... Rxd6) 20. Qxc5 $16 ({Reject} 20. Qxe5 Nf7 $15) 20... b6 21. Qc4+ (21. Qxe5 $16 Qxd6 22. Qxd6 Rxd6 23. Rfd1 Rxd1+ 24. Rxd1) 21... Kh7 {[#] And now ...b5 would win.} 22. Bxc6 Nxc6 23. Qxc6 {Strongly threatening Rfd1.} Rxd6 24. Qxd7 $1 Rxd7 25. Rfd1 Rxd1+ 26. Rxd1 $11 {[%mdl 4096] Endgame Rd8 is the strong threat. KRB-KRN} Rb7 27. Rc1 Bd7 28. f4 exf4 29. gxf4 g5 30. e3 Kg6 31. Kf2 Kf6 32. a3 Ke7 33. Nd5+ Kd6 34. Rd1 {Threatening Nxb6+.} Ke6 35. Nc3 b5 36. Rd4 Bc6 37. Ke2 g4 38. Kf2 h5 {[%cal Bh6h5,Bh5h4][%mdl 32]} 39. Kg3 {[#]} h4+ $1 {[%mdl 512]} 40. Kf2 (40. Kxh4 Rh7+) 40... Rg7 {aiming for ...g3+.} 41. Ne2 Bf3 42. Rd2 $2 {[%mdl 8192]} (42. Nc3 $17 {is more resistant.}) 42... Bxe2 $1 $19 43. Kxe2 {KR-KR} Rc7 44. Kf2 Rc1 45. Ke2 $2 (45. Re2 h3 46. e4) 45... h3 {Threatens to win with ...g3.Black is clearly winning.} 46. Kf2 Rh1 47. Kg3 Rg1+ 48. Kh4 Rg2 49. Rd8 Rxh2 50. Re8+ Kd7 51. Re5 Rd2 {Precision: White = 49%, Black = 63%.} 0-1

[Event "5th Cesme Open 2017"]
[Site "Cesme"]
[Date "2017.06.13"]
[Round "2"]
[White "Nalbant, Tuna Onat"]
[Black "Rahmanov, Shahriyar"]
[Result "0-1"]
[WhiteElo "1993"]
[BlackElo "2353"]
[Annotator "TA"]
[PlyCount "134"]
[EventType "swiss"]
[EventCountry "TUR"]
[SourceTitle "playchess.com"]
[Source "ChessBase"]
[SourceQuality "1"]

{[%evp 12,133,65,51,52,49,60,49,51,52,50,48,46,45,65,63,119,-69,-45,-66,11,10,10,9,12,0,0,19,12,9,7,0,0,0,1,0,28,0,0,0,0,0,0,0,0,0,0,0,0,0,4,5,3,1,1,0,0,0,0,0,0,0,0,0,0,0,0,-6,-3,-9,-9,-20,-14,-11,0,-9,-9,-9,0,-9,0,-7,0,-9,-7,-9,-9,-9,-9,-24,-25,-16,-15,-10,0,-10,0,-11,0,-31,-31,-31,-5,-38,-38,-38,-38,-38,0,-31,0,-38,0,-66,-66,-100,-77,-77,-70,-161,-160,-29969,-29974,-29999]} 1. e4 d5 2. exd5 Nf6 3. d4 Bg4 4. f3 Bf5 5. Bb5+ Nbd7 6. Nc3 a6 7. Ba4 b5 {B01: Scandinavian Defence} 8. Bb3 Nb6 {[%cal Rf6d5]} 9. Nge2 Nfxd5 {White is slightly better.} 10. Nxd5 Nxd5 11. O-O (11. Ng3 Bc8 12. Ne4 e6 13. Bg5 Be7 14. Bxe7 Qxe7 15. Nc5 {1-0 (59) Petrosian,T (2616)-Laylo,D (2496) Chicago 2008}) 11... e6 12. Ng3 Bg6 13. f4 c5 {[#]} (13... f5 $14) 14. dxc5 $2 ({Of course not} 14. f5 $6 c4 $11) ({White should play} 14. c4 $1 $16 {[%cal Rc4d5]} Nb6 15. f5 exf5 16. Nxf5 Bxf5 17. Rxf5) 14... Bxc5+ $15 15. Kh1 {Black must now prevent f5.} Nf6 $146 (15... Ne7 $15) 16. Qf3 $11 O-O 17. f5 exf5 18. Nxf5 Bxf5 19. Qxf5 Qc8 20. Bg5 Qxf5 21. Rxf5 Ne4 22. Raf1 {And now Bd5 would win.} Ra7 23. g3 Bb6 (23... g6 {is more complex.} 24. Re5 Nxg5 25. Rxc5 Ne4 26. Rd5 Rc8) 24. Re5 (24. Bf4 {keeps more tension.} Re7 25. c4 g6 26. Rd5 Rd8 27. Rxd8+ Bxd8 28. c5) 24... Nxg5 25. Rxg5 g6 26. Rd5 Rd8 27. Rfd1 Rxd5 28. Rxd5 {[%mdl 4096] Endgame KRB-KRB} Kg7 29. c4 bxc4 30. Bxc4 Rc7 31. b3 a5 32. Rb5 Rc6 33. a4 h5 34. Kg2 Rf6 35. Bd5 Rf2+ 36. Kh1 Rf1+ 37. Kg2 Rf2+ 38. Kh1 Bd8 39. Kg1 Rd2 40. Bc4 f5 41. Rd5 Bb6+ 42. Kh1 Rc2 43. Rd6 (43. Rb5 $5 {[%cal Rb5b6]} Rc1+ 44. Kg2 Rc2+ 45. Kh1 Rc1+ 46. Kg2 $11) 43... Rc1+ 44. Kg2 Rc2+ 45. Kh1 Be3 46. Re6 Bd4 47. Rd6 Bc5 48. Rd5 Bb4 49. Kg1 Kf6 50. Rd3 Bc5+ 51. Kh1 $1 Rc1+ 52. Kg2 Rc2+ 53. Kh1 $1 Rc1+ 54. Kg2 g5 {Strongly threatening ...Rg1+.} 55. h3 (55. Rd5 $5 {[%cal Rd5c5]} Bb4 56. Bd3 $11) 55... Rc2+ 56. Kh1 g4 57. hxg4 hxg4 58. Rd5 Rc1+ 59. Kh2 Rc2+ 60. Kh1 Rc1+ 61. Kh2 Be3 62. Rd6+ ({Better is} 62. Rxa5 $11 Rc2+ 63. Kh1) 62... Ke5 $15 63. Re6+ Kd4 64. Kg2 Rc2+ 65. Kh1 ({White should try} 65. Kf1 $15) 65... f4 $19 66. gxf4 $2 {[#]} (66. Rg6 $17) 66... g3 $1 {[%csl Gg3][%cal Rc2h2]} 67. Rg6 Rh2# {Precision: White = 46%, Black = 64%.} 0-1

[Event "5th Cesme Open 2017"]
[Site "Cesme"]
[Date "2017.06.13"]
[Round "2"]
[White "Ozsakallioglu, Okan"]
[Black "Rzayev, Bahruz"]
[Result "0-1"]
[WhiteElo "1925"]
[BlackElo "2392"]
[Annotator "TA"]
[PlyCount "68"]
[EventType "swiss"]
[EventCountry "TUR"]
[SourceTitle "playchess.com"]
[Source "ChessBase"]
[SourceQuality "1"]

{[%evp 9,68,35,35,40,38,33,42,20,24,16,22,6,37,0,32,0,33,-4,1,-10,-10,-20,-6,-13,-17,-51,-22,-45,-48,-39,34,-10,-39,-62,-120,-142,-142,-155,-152,-144,-135,-203,-206,-218,-202,-337,-250,-248,-219,-332,-181,-350,-351,-352,-324,-704,-704,-704,-692,-836,-820]} 1. e4 e5 2. Nf3 Nc6 3. Bb5 Nge7 4. c3 a6 5. Ba4 g6 6. d4 {C70: Ruy Lopez: 3...a6 4 Ba4, Norwegian and Delayed Schliemann} exd4 7. cxd4 b5 8. Bb3 {Strongly threatening Ng5.White is slightly better.} Bg7 9. O-O O-O 10. Nc3 d6 11. h3 Na5 12. Bc2 (12. Bg5 h6 13. Bxe7 Qxe7 14. Nd5 Qd8 15. Rc1 c6 16. Nf4 {½-½ (48) Vachier Lagrave,M (2758)-Mamedyarov,S (2765) Beijing 2014}) 12... Bb7 13. d5 Nc4 14. Nd4 $146 ({Predecessor:} 14. Rb1 b4 15. Ne2 c6 16. dxc6 Nxc6 17. Nf4 Rc8 18. Nd5 {½-½ (18) Hunt,A (2427)-Orlov,A (2489) Bratto 2015}) 14... c6 15. dxc6 Nxc6 16. Nxc6 Bxc6 17. Rb1 Qa5 18. b4 Qd8 19. Nd5 a5 (19... Rc8 $15) 20. Bb3 axb4 21. Bxc4 bxc4 {[%cal Bb5c4,Bc4c3][%mdl 32]} 22. Qc2 Bxd5 $1 23. exd5 c3 $36 {[%mdl 2048] Threatens to win with ...Qa5. Black has strong initiative.} 24. Rxb4 Qa5 25. a3 (25. Qb3 $17) 25... Qxd5 $19 26. Rd1 Qc6 27. Qe4 (27. Qb3 {might work better.}) 27... Qxe4 28. Rxe4 Rfd8 29. Rd5 (29. Rb4 $142) 29... Rab8 (29... Rdb8 $142 {...Rb1 is the strong threat.} 30. Rxd6 Rb1) 30. Kh2 $2 (30. Rb4) 30... Rb1 31. Rxd6 Rc8 ({Worse is} 31... Rxd6 32. Re8+ Bf8 33. Bh6 Rh1+ 34. Kxh1 Rd1+ 35. Kh2 Rh1+ 36. Kxh1 Kh8 37. Rxf8#) 32. Rc6 $2 {[#]} (32. Bf4 f5 33. Re2) 32... Be5+ $1 {[%mdl 512] Black is clearly winning.} 33. Rxe5 Rxc6 34. Re1 c2 {Precision: White = 31%, Black = 65%.} 0-1

[Event "5th Cesme Open 2017"]
[Site "Cesme"]
[Date "2017.06.13"]
[Round "2"]
[White "Maden, Mirac Kerem"]
[Black "Morchiashvili, Bachana"]
[Result "1-0"]
[WhiteElo "1879"]
[BlackElo "2403"]
[Annotator "TA"]
[PlyCount "55"]
[EventType "swiss"]
[EventCountry "TUR"]
[SourceTitle "playchess.com"]
[Source "ChessBase"]
[SourceQuality "1"]

{[%evp 21,55,35,95,-22,-9,-42,-38,-110,0,0,0,0,0,0,0,0,78,80,82,82,124,124,125,125,121,120,170,148,272,262,362,354,476,472,465,463]} 1. d4 Nf6 2. c4 g6 3. g3 Bg7 4. Bg2 O-O 5. Nf3 d6 6. O-O Nbd7 7. Qc2 e5 8. Rd1 Re8 9. e4 c6 {[%cal Bc7c6,Bc6c5][%mdl 32]} 10. Nc3 exd4 11. Nxd4 Ne5 {[#]} ({Black should try} 11... Qe7 $14) 12. b3 {E68: King's Indian: Fianchetto: 6...Nbd7 7 0-0 e5 8 e4} (12. c5 $1 $16 {[%mdl 512]}) 12... Bg4 $11 13. Nce2 $146 ({Predecessor:} 13. Rf1 c5 14. Nde2 Nf3+ 15. Kh1 Nxe4 16. Bb2 Nxc3 17. Nxc3 Nd4 18. Qd2 Qd7 19. Qf4 Ne2 20. Qd2 Nd4 21. Qf4 Ne2 22. Qd2 Nd4 {½-½ (22) Rotstein,A (2520)-Aguettaz,M (2338) Campillos 2006}) 13... c5 14. Nb5 {[#]Black is slightly better.} Nf3+ (14... d5 $1 $17 {[%cal Rd5d4][%mdl 512] Hoping for ...d4.} 15. f4 (15. cxd5 Nf3+) 15... Nf3+ 16. Bxf3 Bxf3) 15. Bxf3 $1 Bxf3 16. Nxd6 Re6 17. Nxf7 $1 Qe7 18. Ng5 Bxe4 (18... Nxe4 $11 {keeps the balance.} 19. Nxf3 Bxa1) 19. Nxe4 $16 Nxe4 {[#]} 20. Nf4 $1 {[%cal Rf4e6]} Nxf2 21. Qxf2 Bxa1 22. Nxe6 Qxe6 23. Qxc5 Kh8 24. Qd6 $36 {[%mdl 2048] White is in control.} Qf7 (24... Qxd6 $16 25. Rxd6 Re8) 25. Bh6 $18 Bg7 26. Qd8+ Qe8 27. Bxg7+ Kxg7 28. Rd7+ {Precision: White = 76%, Black = 20%.} 1-0

[Event "5th Cesme Open 2017"]
[Site "Cesme"]
[Date "2017.06.13"]
[Round "2"]
[White "Karabas, Baris"]
[Black "Akalin, Bilgehan"]
[Result "1/2-1/2"]
[WhiteElo "1598"]
[BlackElo "1419"]
[Annotator "NA RC"]
[PlyCount "144"]
[EventType "swiss"]
[EventCountry "TUR"]
[SourceTitle "playchess.com"]
[Source "ChessBase"]
[SourceQuality "1"]
[TimeControl "5400+30"]

1. d4 {[%emt 0:02:30]} Nf6 {[%emt 0:01:00]} 2. Nf3 {[%emt 0:00:30]} g6 {[%emt 0:00:00]} 3. g3 {[%emt 0:00:00]} Bg7 {[%emt 0:00:00]} 4. Bg2 {[%emt 0:00:00]} O-O {[%emt 0:00:30]} 5. O-O {[%emt 0:00:00]} c5 {[%emt 0:03:30]} 6. e3 {[%emt 0:02:00]} Nc6 {[%emt 0:01:30]} 7. c4 {[%emt 0:16:30]} d5 {[%emt 0:19:30]} 8. cxd5 {[%emt 0:23:30]} Nxd5 {[%emt 0:12:30]} 9. dxc5 {[%emt 0:10:30]} Ndb4 {[%emt 0:04:30]} 10. Nc3 {[%emt 0:12:30]} Qa5 {[%emt 0:05:30]} 11. a3 {[%emt 0:07:30]} Bxc3 {[%emt 0:15:30]} 12. bxc3 {[%emt 0:00:30]} Na6 {[%emt 0:00:30]} 13. Qc2 {[%emt 0:09:54]} Nxc5 {[%emt 0:00:30]} 14. Nd4 {[%emt 0:02:20]} Ne5 {[%emt 0:08:30]} 15. c4 {[%emt 0:03:09]} Qa4 {[%emt 0:02:30]} 16. Qxa4 {[%emt 0:00:43]} Nxa4 {[%emt 0:00:00]} 17. Bd2 {[%emt 0:04:02]} Nxc4 {[%emt 0:02:00]} 18. Bb4 {[%emt 0:00:02]} Nd6 {[%emt 0:02:22]} 19. Bxd6 {[%emt 0:01:06]} exd6 {[%emt 0:00:30]} 20. Nb5 {[%emt 0:00:00]} Rd8 {[%emt 0:10:00]} 21. Rfd1 {[%emt 0:00:44]} Nc5 {[%emt 0:02:12]} 22. Rac1 {[%emt 0:01:15]} Be6 {[%emt 0:03:34]} 23. Rxd6 {[%emt 0:01:03]} Rdc8 {[%emt 0:03:20]} 24. Nd4 {[%emt 0:01:04]} Rab8 {[%emt 0:01:35]} 25. Nxe6 {[%emt 0:00:18]} fxe6 {[%emt 0:00:46]} 26. Bh3 {[%emt 0:00:13]} Kf7 {[%emt 0:00:15]} 27. Kg2 {[%emt 0:00:42]} b6 {[%emt 0:00:13]} 28. Bg4 {[%emt 0:00:41]} Rd8 {[%emt 0:00:49]} 29. Rc6 {[%emt 0:00:21]} Rb7 {[%emt 0:00:50]} 30. h4 {[%emt 0:00:29]} Rbd7 {[%emt 0:00:28]} 31. h5 {[%emt 0:00:43]} Rd6 {[%emt 0:00:32]} 32. hxg6+ {[%emt 0:00:16]} hxg6 {[%emt 0:00:29]} 33. Rc7+ {[%emt 0:00:36]} R6d7 {[%emt 0:00:26]} 34. Rxd7+ {[%emt 0:00:18]} Rxd7 {[%emt 0:00:07]} 35. Rc4 {[%emt 0:00:51]} Rd3 {[%emt 0:00:45]} 36. a4 {[%emt 0:00:29]} Ra3 {[%emt 0:00:17]} 37. Bd1 {[%emt 0:00:25]} Ra2 {[%emt 0:00:48]} 38. Rf4+ {[%emt 0:00:33]} Kg7 {[%emt 0:00:38]} 39. Rd4 {[%emt 0:00:31]} Ra3 {[%emt 0:00:33]} 40. Bc2 {[%emt 0:00:32]} Kf6 {[%emt 0:00:29]} 41. Rf4+ {[%emt 0:00:22]} Kg5 {[%emt 0:00:29]} 42. Kf3 {[%emt 0:00:26]} Rc3 {[%emt 0:00:30]} 43. Rg4+ {[%emt 0:00:32]} Kf6 {[%emt 0:00:12]} 44. Bxg6 {[%emt 0:00:26]} Nd3 {[%emt 0:00:31]} 45. Bxd3 {[%emt 0:00:19]} Rxd3 {[%emt 0:00:01]} 46. Rc4 {[%emt 0:00:33]} Rd5 {[%emt 0:00:38]} 47. Ke4 {[%emt 0:00:48]} Ra5 {[%emt 0:00:27]} 48. f4 {[%emt 0:00:22]} b5 {[%emt 0:00:15]} 49. axb5 {[%emt 0:00:16]} Rxb5 {[%emt 0:00:05]} 50. Ra4 {[%emt 0:00:06]} a5 {[%emt 0:00:58]} 51. g4 {[%emt 0:00:50]} e5 {[%emt 0:01:01]} 52. g5+ {[%emt 0:00:46]} Kg6 {[%emt 0:00:31]} 53. Rc4 {[%emt 0:00:35]} exf4 {[%emt 0:00:41]} 54. exf4 {[%emt 0:00:05]} Rb6 {[%emt 0:00:26]} 55. Kd4 {[%emt 0:00:46]} Rd6+ {[%emt 0:00:44]} 56. Kc5 {[%emt 0:00:29]} Rd3 {[%emt 0:00:30]} 57. Kb5 {[%emt 0:00:41]} Rf3 {[%emt 0:00:32]} 58. Kxa5 {[%emt 0:00:08]} Kf5 {[%emt 0:00:05]} 59. Kb5 {[%emt 0:00:31]} Kg6 {[%emt 0:00:39]} 60. Kc5 {[%emt 0:00:18]} Kf5 {[%emt 0:00:04]} 61. Kd5 {[%emt 0:01:08]} Rd3+ {[%emt 0:00:51]} 62. Kc5 {[%emt 0:00:02]} Rf3 {[%emt 0:00:21]} 63. Kd6 {[%emt 0:00:26]} Re3 {[%emt 0:00:07]} 64. Kd5 {[%emt 0:00:58]} Rd3+ {[%emt 0:00:10]} 65. Rd4 {[%emt 0:00:24]} Re3 {[%emt 0:00:07]} 66. Kd6 {[%emt 0:00:37]} Re8 {[%emt 0:01:01]} 67. Kd7 {[%emt 0:00:42]} Re3 {[%emt 0:00:09]} 68. Kd6 {[%emt 0:00:03]} Re8 {[%emt 0:00:08]} 69. Rc4 {[%emt 0:00:54]} Re3 {[%emt 0:00:33]} 70. Rc1 {[%emt 0:00:26]} Kxf4 {[%emt 0:00:35]} 71. Rg1 {[%emt 0:00:04]} Kf5 {[%emt 0:00:10]} 72. Kd7 {[%emt 0:00:31]} Kg6 {[%emt 0:00:05]} 1/2-1/2